| 000 | 00852nam a2200241 a 4500 | ||
|---|---|---|---|
| 001 | 000006437 | ||
| 005 | 20200929153930.0 | ||
| 008 | 980416s1999 ec 000 1 spa | ||
| 020 | _a9978621415 | ||
| 040 |
_aDO-SdBNP _bspa _cBNPHU |
||
| 082 |
_aCu863.44 _bP348f |
||
| 100 | 1 |
_aPaz, Senel, _d1950- _917864 |
|
| 245 | 1 | 0 |
_aFresa y chocolate : _bel lobo, el bosque y el hombre nuevo / _cSenel Paz. Solo cenizas hallarás / Raúl Pérez Torres. |
| 260 |
_a[Quito] : _bCasa de la Cultura Ecuatoriana "Benjamín Carrión", _c1999. |
||
| 300 |
_a47, 21 p. ; _c21 cm. |
||
| 500 | _aTítulo con paginación separada y encuadernación invertida | ||
| 586 | _aPremio Juan Rulfo, 1990. | ||
| 586 | _aPremio Juan Rulfo, 1994. | ||
| 650 | 4 |
_aNovela cubana _92316 |
|
| 650 | 4 |
_aLiteratura cubana _91483 |
|
| 700 | 1 |
_aPérez Torres, Raúl _917865 |
|
| 049 | _aBNPH | ||
| 999 |
_c6232 _d6232 |
||